Normal view
MARC view
- Faiz-Ur-Rahman
Entry Personal Name
001 - CONTROL NUMBER
- control field: 17190
003 - CONTROL NUMBER IDENTIFIER
- control field: NUST
005 - DATE AND TIME OF LATEST TRANSACTION
- control field: 20190709105142.0
008 - FIXED-LENGTH DATA ELEMENTS
- fixed length control field: 190709|| aca||aabn | a|a d
040 ## - CATALOGING SOURCE
- Original cataloging agency: NUST
- Transcribing agency: NUST
100 ## - HEADING--PERSONAL NAME
- Personal name: Faiz-Ur-Rahman
670 ## - SOURCE DATA FOUND
- Source citation: Work cat.: (NUST): Faiz-Ur-Rahman, Generalized Second Law of Thermodynamics in Wormhole Geometry /, 2012.
